Diseño de organizaciones: tensiones y paradojas
Bewaard in:
| Hoofdauteur: | |
|---|---|
| Formaat: | Boek |
| Taal: | Spaans |
| Gepubliceerd in: |
Buenos Aires
Paidós
1998
|
| Editie: | 1a. ed |
| Reeks: | Grupos e Instituciones, 53
|
| Onderwerpen: | |
| Tags: |
Voeg label toe
Geen labels, Wees de eerste die dit record labelt!
|
MARC
| LEADER | 00000cam a2200000 a 4500 | ||
|---|---|---|---|
| 001 | UCP3649 | ||
| 003 | CL-VaPUC | ||
| 008 | 990702e19980000AG |||||||||||||||||spa|d | ||
| 020 | |a 9501232530 | ||
| 082 | 0 | 4 | |a 658.403 |b SCH |2 21 |
| 100 | 0 | |a Schvarstein, Leonardo |e author |9 431039 | |
| 245 | 1 | 0 | |a Diseño de organizaciones: tensiones y paradojas |
| 250 | |a 1a. ed | ||
| 300 | |a 424 p | ||
| 942 | |c BK | ||
| 945 | |d 19990702 00:00:00 |a vberengu | ||
| 260 | |a Buenos Aires |b Paidós |c 1998 | ||
| 650 | 0 | |a Administración |9 259325 | |
| 650 | 0 | |a Organización |9 256369 | |
| 650 | 0 | |a Modernidad |9 265371 | |
| 650 | 0 | |a Posmodernidad |9 325588 | |
| 650 | 7 | |a DISEÑO ORGANIZACIONAL |2 CL-VaPUC |9 410550 | |
| 650 | 0 | |a Cambio organizacional |9 260741 | |
| 583 | |a last modification |c 20170224 05:49:48 |k Rodrigo Vera | ||
| 490 | 0 | |a Grupos e Instituciones, 53 | |
| 999 | |c 281910 |d 281908 | ||
| 952 | |0 0 |1 0 |4 0 |6 658_403000000000000_SCH_1998 |7 0 |8 A |9 323044 |a BIBEDU |b BIBEDU |d 2019-11-20 |i 3531430 |o 658.403 SCH 1998 |p 3531430 |r 2019-11-20 |w 2019-11-20 |y BK |k PSI | ||
| 952 | |0 0 |1 0 |4 0 |6 658_403000000000000_SCH_1998 |7 0 |8 A |9 323045 |a BIBCUR |b BIBCUR |d 2019-11-20 |i 3813177 |o 658.403 SCH 1998 |p 3813177 |r 2025-04-22 |w 2019-11-20 |y BK |k PER | ||
| 952 | |0 0 |1 0 |4 0 |6 658_403000000000000_SCH_1998 |7 0 |8 A |9 323046 |a BIBGIM |b BIBGIM |d 2019-11-20 |i 4072006 |o 658.403 SCH 1998 |p 4072006 |r 2025-01-15 |w 2019-11-20 |y BK |k SSL | ||
| 952 | |0 0 |1 0 |4 0 |6 658_403000000000000_SCH_1998 |7 0 |8 A |9 323047 |a BIBCUR |b BIBCUR |d 2019-11-20 |i 4192850 |o 658.403 SCH 1998 |p 4192850 |r 2025-04-22 |w 2019-11-20 |y BK |k PER | ||
| 952 | |0 0 |1 0 |4 0 |6 658_403000000000000_SCH_1998 |7 0 |8 A |9 323048 |a BIBEDU |b BIBEDU |d 2019-11-20 |i 4901371 |o 658.403 SCH 1998 |p 4901371 |r 2019-11-20 |w 2019-11-20 |y BK |k PSI | ||
| 952 | |0 0 |1 0 |3 erb |4 0 |6 658_403000000000000_SCH_1998 |7 0 |8 A |9 323049 |a BIBENE |b BIBENE |i 5328500 |o 658.403 SCH 1998 |p 5328500 |r 2025-01-15 |w 2019-11-20 |y BK |z Catalogado en:20170303 |k ICO | ||